01044nam a2200193Ia 4500001001100000003001000011008004100021040002500062041001300087100002500100245002800125250001100153260009200164300001200256500021600268501011400484520021600598650003600814L856-37442IT-CnALBA170116s9999||||xx |||||||||||||| ||und|| aIT-CnALBAcIT-CnALBA aITALIANO aGRASSO DOMENICO, SJ. 0aDIALOGO CON I TEOLOGI.  a1a ed. aCINISELLO BALSAMO (MI)bEDIZIONI PAOLINEc1967 [1° Ed.:1967 - Ed.Ling.Originale: 1967] a268 p.  aLXXXIII PROBLEMI SULLA FEDE. LIBRI DELLA FAMIGLIA CRISTIANA. DOMANDE E RISPOSTE SU DIO, GESÙ CRISTO. SACRAMENTI. MISTERI DELLA FEDE. MORALE CRISTIANA. CHIESA. ESCATOLOGIA. ATTALITA' RELIGIOSE E FATTI STORICI.  aSocietà San Paolo EM - Piazza San Paolo, 14 - 12051 ALBA (CN) (non commercial uses only) ® Copyright 2017 aLXXXIII PROBLEMI SULLA FEDE. LIBRI DELLA FAMIGLIA CRISTIANA. DOMANDE E RISPOSTE SU DIO, GESÙ CRISTO. SACRAMENTI. MISTERI DELLA FEDE. MORALE CRISTIANA. CHIESA. ESCATOLOGIA. ATTALITA' RELIGIOSE E FATTI STORICI.  aEPISTOLOGRAFIA ITALIANA E ALTRE